Formel 1 Fahrer nach Teamhistorie - Statistiken

Allgemein
  • Dieses Quiz wurde 61 mal gespielt
  • Das Durchschnittsergebnis liegt bei 16 aus 30
Antwortstatistiken
Debüt Team-Historie Fahrer % Korrekt
2018 Sauber > Ferrari Charles Leclerc
93%
2015 Toro Rosso > Red Bull Max Verstappen
91%
2023 McLaren Oscar Piastri
91%
2007 McLaren > Mercedes > Ferrari Lewis Hamilton
89%
2007 BMW Sauber > Toro Rosso > Red Bull > Ferrari > Aston Martin Sebastian Vettel
88%
2013 Williams > Mercedes > Alfa Romeo > Kick Sauber > Cadillac Valtteri Bottas
84%
2006 Williams > Mercedes Nico Rosberg
79%
2001 Minardi > Renault > McLaren > Renault > Ferrari > McLaren > Alpine > Aston Martin Fernando Alonso
75%
2000 Williams > Benetton > Renault > BAR > Honda > Brawn > McLaren Jenson Button
72%
2011 HRT > Toro Rosso > Red Bull > Renault > McLaren > AlphaTauri > Racing Bulls Daniel Ricciardo
70%
1991 Jordan > Benetton > Ferrari > Mercedes Michael Schumacher
70%
2001 Sauber > McLaren > Ferrari > Lotus > Ferrari > Alfa Romeo Kimi Räikkönen
68%
2002 Sauber > Ferrari > Williams Felipe Massa
63%
1994 Williams > McLaren > Red Bull David Coulthard
54%
1984 Toleman > Lotus > McLaren > Williams Ayrton Senna
51%
1991 Lotus > McLaren Mika Häkkinen
49%
1980 McLaren > Renault > McLaren > Ferrari > Williams Alain Prost
47%
1950 Alfa Romeo > Maserati > Mercedes > Ferrari > Maserati > Scuderia Sud Americana Juan Manuel Fangio
47%
1971 March > B.R.M. > Ferrari > Brabham > McLaren Niki Lauda
46%
1980 Lotus > Williams > Ferrari > Williams > McLaren Nigel Mansell
39%
1997 Jordan > Williams > Toyota Ralf Schumacher
39%
1955 Cooper > Maserati > Cooper > Brabham Jack Brabham
33%
1978 Ensign > McLaren > Brabham > Williams > Lotus > Benetton Nelson Piquet
32%
1965 B.R.M. > Matra > March > Tyrell Jackie Stewart
26%
1973 March > Hesketh > McLaren > Wolf James Hunt
25%
1977 McLaren > Ferrari Gilles Villeneuve
21%
1960 Lotus Jim Clark
21%
1958 Maserati > Ferrari > A.T.S. > Cooper Phil Hill
19%
1970 Ferrari > B.R.M. > Ferrari > Ensign > Shadow > Williams > Ensign Clay Regazzoni
11%
1957 Ferrari > Porsche > Ferrari > Scuderia Centro Sud > Ferrari Wolfgang Graf Berghe von Trips
9%
Keine übereinstimmenden Quizze gefunden
Verteilung der Resultate
Anzahl Personen mit jedem Resultat
Perzentil nach korrekt beantworteten Fragen
Ihre Resultats-Entwicklung
Sie haben dieses Quiz noch nicht gespielt